[Event "Blitz Open"]
[Site "?"]
[Date "2018.08.03"]
[Round "1.13"]
[White "Jumabayev, Rinat"]
[Black "Sedaghat Khah, Hamid Reza"]
[Result "1-0"]
[BlackElo "1849"]
[WhiteElo "2528"]
[LiveChessVersion "1.4.8"]

1. d4 {[%clk 0:03:04]} d5 {[%clk 0:03:02]} 2. Bf4 {[%clk 0:03:05]} Nf6
{[%clk 0:03:03]} 3. e3 {[%clk 0:03:07]} Bf5 {[%clk 0:03:01]} 4. c4
{[%clk 0:03:08]} c6 {[%clk 0:02:52]} 5. Nc3 {[%clk 0:03:08]} e6 {[%clk 0:02:53]}
6. Qb3 {[%clk 0:03:00]} Qb6 {[%clk 0:02:50]} 7. c5 {[%clk 0:03:02]} Qxb3
{[%clk 0:02:42]} 8. axb3 {[%clk 0:03:03]} Nbd7 {[%clk 0:02:30]} 9. b4
{[%clk 0:03:03]} Be7 {[%clk 0:02:24]} 10. b5 {[%clk 0:03:04]} O-O
{[%clk 0:02:17]} 11. h3 {[%clk 0:02:52]} Rfe8 {[%clk 0:02:05]} 12. Nf3
{[%clk 0:02:51]} Ne4 {[%clk 0:02:00]} 13. Be2 {[%clk 0:02:34]} h6
{[%clk 0:01:26]} 14. O-O {[%clk 0:02:32]} g5 {[%clk 0:01:25]} 15. Bh2
{[%clk 0:02:33]} Bf6 {[%clk 0:01:27]} 16. bxc6 {[%clk 0:02:27]} bxc6
{[%clk 0:01:29]} 17. Ra6 {[%clk 0:02:27]} Nb8 {[%clk 0:01:22]} 18. Ra3
{[%clk 0:02:19]} Nd7 {[%clk 0:01:06]} 19. Rfa1 {[%clk 0:02:18]} e5
{[%clk 0:00:58]} 20. Bf1 {[%clk 0:02:04]} g4 {[%clk 0:00:40]} 21. hxg4
{[%clk 0:01:47]} Bxg4 {[%clk 0:00:42]} 22. Rxa7 {[%clk 0:01:34]} Rxa7
{[%clk 0:00:42]} 23. Rxa7 {[%clk 0:01:35]} Nxc3 {[%clk 0:00:36]} 24. bxc3
{[%clk 0:01:31]} e4 {[%clk 0:00:10]} 25. Nd2 {[%clk 0:01:28]} Nf8
{[%clk 0:00:11]} 26. Nb3 {[%clk 0:01:20]} Ng6 {[%clk 0:00:10]} 27. Na5
{[%clk 0:01:19]} Re6 {[%clk 0:00:07]} 28. Ba6 {[%clk 0:01:15]} Bd1
{[%clk 0:00:06]} 29. Bc8 {[%clk 0:01:11]} Re8 {[%clk 0:00:06]} 30. Bd7
{[%clk 0:01:12]} Rb8 {[%clk 0:00:07]} 31. Bxb8 {[%clk 0:01:12]} Kg7
{[%clk 0:00:08]} 32. Nxc6 {[%clk 0:01:13]} Be2 {[%clk 0:00:09]} 33. Ne5
{[%clk 0:01:08]} Bxe5 {[%clk 0:00:09]} 34. Bxe5+ {[%clk 0:01:09]} Kh7
{[%clk 0:00:10]} 35. Bf5 {[%clk 0:01:09]} Kg8 {[%clk 0:00:10]} 36. c6
{[%clk 0:01:10]} Bc4 {[%clk 0:00:10]} 37. c7 {[%clk 0:01:11]} Ne7
{[%clk 0:00:09]} 38. Ra8+ {[%clk 0:01:08]} Nc8 {[%clk 0:00:07]} 39. Rxc8#
{[%clk 0:01:09]} 1-0

[Event "Blitz Open"]
[Site "?"]
[Date "2018.08.03"]
[Round "1.14"]
[White "Alibabaei, Sasan"]
[Black "Kazhgaleyev, Murtas"]
[Result "1/2-1/2"]
[BlackElo "2583"]
[WhiteElo "2012"]
[LiveChessVersion "1.4.8"]

1. e4 {[%clk 0:03:02]} e5 {[%clk 0:03:03]} 2. Nc3 {[%clk 0:03:02]} Nf6
{[%clk 0:03:01]} 3. Bc4 {[%clk 0:03:03]} c6 {[%clk 0:02:37]} 4. d4
{[%clk 0:03:02]} exd4 {[%clk 0:02:10]} 5. Qxd4 {[%clk 0:03:02]} b5
{[%clk 0:02:06]} 6. Bb3 {[%clk 0:03:00]} d6 {[%clk 0:01:46]} 7. Bg5
{[%clk 0:02:56]} Be7 {[%clk 0:01:43]} 8. a4 {[%clk 0:02:31]} c5 {[%clk 0:01:33]}
9. Qe3 {[%clk 0:02:06]} c4 {[%clk 0:01:34]} 10. Ba2 {[%clk 0:01:59]} b4
{[%clk 0:01:34]} 11. Nd5 {[%clk 0:01:56]} Nxd5 {[%clk 0:01:20]} 12. exd5
{[%clk 0:01:58]} Ba6 {[%clk 0:01:05]} 13. Nf3 {[%clk 0:01:55]} h6
{[%clk 0:00:55]} 14. Bxe7 {[%clk 0:01:53]} Qxe7 {[%clk 0:00:55]} 15. Qxe7+ Kxe7
{[%clk 0:00:56]} 16. O-O {[%clk 0:01:45]} Nd7 {[%clk 0:00:57]} 17. Rfe1+
{[%clk 0:01:46]} Kd8 {[%clk 0:00:51]} 18. Nd4 {[%clk 0:01:47]} Ne5
{[%clk 0:00:24]} 19. f4 {[%clk 0:01:48]} Ng6 {[%clk 0:00:26]} 20. Nc6+
{[%clk 0:01:36]} Kc7 {[%clk 0:00:27]} 21. f5 {[%clk 0:01:34]} Ne5
{[%clk 0:00:28]} 22. Nxe5 {[%clk 0:01:17]} dxe5 23. Rxe5 {[%clk 0:01:17]} Rhe8
{[%clk 0:00:28]} 24. d6+ {[%clk 0:01:04]} Kxd6 {[%clk 0:00:27]} 25. Ra5
{[%clk 0:01:05]} Bb7 {[%clk 0:00:25]} 26. Rd1+ {[%clk 0:01:03]} Kc7
{[%clk 0:00:24]} 27. Rc5+ {[%clk 0:01:02]} Kb6 {[%clk 0:00:23]} 28. Rb5+
{[%clk 0:00:59]} Kc7 {[%clk 0:00:24]} 29. Bxc4 {[%clk 0:00:58]} Bc6
{[%clk 0:00:12]} 30. Rc5 {[%clk 0:00:55]} Kb6 {[%clk 0:00:11]} 31. Rxc6+
{[%clk 0:00:56]} Kxc6 {[%clk 0:00:12]} 32. Bb5+ {[%clk 0:00:56]} Kc7
{[%clk 0:00:12]} 33. Bxe8 {[%clk 0:00:55]} Rxe8 {[%clk 0:00:14]} 34. Rd4
{[%clk 0:00:55]} a5 {[%clk 0:00:15]} 35. Kf2 {[%clk 0:00:56]} Re5
{[%clk 0:00:16]} 36. g4 {[%clk 0:00:57]} Rc5 {[%clk 0:00:17]} 37. Rd2
{[%clk 0:00:57]} Rc4 {[%clk 0:00:18]} 38. Kf3 {[%clk 0:00:57]} g5
{[%clk 0:00:11]} 39. h3 {[%clk 0:00:51]} Kc6 {[%clk 0:00:10]} 40. Ke3
{[%clk 0:00:50]} Kc7 {[%clk 0:00:09]} 41. Kd3 {[%clk 0:00:49]} Rf4 42. Re2 Kd6
{[%clk 0:00:10]} 43. Re4 {[%clk 0:00:51]} Rf3+ {[%clk 0:00:10]} 44. Re3
{[%clk 0:00:53]} Rf1 {[%clk 0:00:11]} 45. c3 {[%clk 0:00:44]} Rf4
{[%clk 0:00:09]} 46. Re4 {[%clk 0:00:41]} Rf3+ {[%clk 0:00:11]} 47. Re3
{[%clk 0:00:42]} Rf4 {[%clk 0:00:12]} 48. Re4 {[%clk 0:00:33]} Rf3+
{[%clk 0:00:13]} 49. Re3 {[%clk 0:00:32]} Rf4 {[%clk 0:00:15]} 50. b3
{[%clk 0:00:25]} bxc3 51. Kxc3 {[%clk 0:00:26]} Kd5 {[%clk 0:00:12]} 52. Rd3+
{[%clk 0:00:26]} Kc5 {[%clk 0:00:13]} 53. Re3 {[%clk 0:00:27]} Kd5
{[%clk 0:00:14]} 54. Rd3+ {[%clk 0:00:28]} Kc5 {[%clk 0:00:16]} 55. Rd7
{[%clk 0:00:26]} Rf3+ {[%clk 0:00:16]} 56. Kb2 {[%clk 0:00:27]} Rxh3
{[%clk 0:00:11]} 57. Rxf7 {[%clk 0:00:28]} Rg3 {[%clk 0:00:12]} 58. Rh7
{[%clk 0:00:22]} Rxg4 {[%clk 0:00:13]} 59. Rxh6 {[%clk 0:00:23]} Rf4
{[%clk 0:00:14]} 60. f6 {[%clk 0:00:20]} Kb4 {[%clk 0:00:13]} 61. f7
{[%clk 0:00:14]} Rf2+ {[%clk 0:00:12]} 62. Kc1 {[%clk 0:00:15]} Rxf7
{[%clk 0:00:13]} 63. Rb6+ {[%clk 0:00:16]} Kc3 {[%clk 0:00:14]} 64. Kd1
{[%clk 0:00:16]} g4 {[%clk 0:00:12]} 65. Rg6 {[%clk 0:00:07]} Rf4
{[%clk 0:00:08]} 66. Rg5 {[%clk 0:00:08]} Kb4 {[%clk 0:00:04]} 67. Rb5+
{[%clk 0:00:09]} Ka3 {[%clk 0:00:05]} 68. Rxa5 {[%clk 0:00:10]} Kxb3
{[%clk 0:00:06]} 69. Ra8 {[%clk 0:00:09]} g3 {[%clk 0:00:05]} 70. Rg8
{[%clk 0:00:10]} Kxa4 {[%clk 0:00:04]} 1/2-1/2

[Event "Blitz Open"]
[Site "?"]
[Date "2018.08.03"]
[Round "1.15"]
[White "Ismagambetov, Anuar"]
[Black "Delavari, Amirali"]
[Result "1-0"]
[BlackElo "2131"]
[WhiteElo "2505"]
[LiveChessVersion "1.4.8"]

1. e4 {[%clk 0:03:03]} c5 {[%clk 0:03:03]} 2. Nf3 {[%clk 0:03:04]} Nc6
{[%clk 0:03:04]} 3. d4 {[%clk 0:03:05]} cxd4 4. Nxd4 {[%clk 0:03:06]} e5
{[%clk 0:03:06]} 5. Nb5 {[%clk 0:03:08]} a6 {[%clk 0:03:07]} 6. N5c3
{[%clk 0:03:06]} d6 {[%clk 0:03:02]} 7. Bc4 {[%clk 0:03:04]} Be6 {[%clk 0:02:54]}
8. Bb3 {[%clk 0:03:03]} Be7 {[%clk 0:02:49]} 9. O-O {[%clk 0:03:04]} Nf6
{[%clk 0:02:50]} 10. Bg5 {[%clk 0:03:04]} Nd4 {[%clk 0:02:43]} 11. Bxf6
{[%clk 0:03:02]} Bxf6 {[%clk 0:02:44]} 12. Nd5 {[%clk 0:02:57]} Bg5
{[%clk 0:02:32]} 13. c3 {[%clk 0:02:57]} Nc6 {[%clk 0:02:33]} 14. Na3
{[%clk 0:02:55]} O-O {[%clk 0:02:20]} 15. Ne7+ {[%clk 0:02:50]} Bxe7
{[%clk 0:02:09]} 16. Bd5 {[%clk 0:02:50]} Qc7 {[%clk 0:02:06]} 17. Qb3
{[%clk 0:02:40]} Bxd5 {[%clk 0:01:25]} 18. Qxd5 Rac8 19. Rfd1 {[%clk 0:02:39]}
Kh8 {[%clk 0:01:24]} 20. Nc2 {[%clk 0:02:39]} 1-0

[Event "Blitz Open"]
[Site "?"]
[Date "2018.08.03"]
[Round "1.16"]
[White "Rahmatian, Shayan"]
[Black "Makhnev, Denis"]
[Result "0-1"]
[BlackElo "2492"]
[WhiteElo "1932"]
[LiveChessVersion "1.4.8"]

1. d4 {[%clk 0:03:03]} d5 {[%clk 0:03:01]} 2. c4 {[%clk 0:03:04]} dxc4
{[%clk 0:03:02]} 3. e3 {[%clk 0:03:04]} e5 {[%clk 0:02:58]} 4. Nf3
{[%clk 0:03:01]} exd4 {[%clk 0:02:57]} 5. Qxd4 {[%clk 0:02:54]} Qxd4
{[%clk 0:02:50]} 6. Nxd4 {[%clk 0:02:53]} Bc5 {[%clk 0:02:49]} 7. Nb5
{[%clk 0:02:48]} Bb6 {[%clk 0:02:35]} 8. Bxc4 {[%clk 0:02:48]} Nf6
{[%clk 0:02:31]} 9. N1c3 {[%clk 0:02:43]} a6 {[%clk 0:02:31]} 10. Na3
{[%clk 0:02:35]} Ba5 {[%clk 0:02:29]} 11. Bd2 {[%clk 0:02:22]} b5
{[%clk 0:02:07]} 12. Be2 {[%clk 0:02:01]} Bb7 {[%clk 0:02:04]} 13. Nc2
{[%clk 0:01:51]} Nbd7 {[%clk 0:02:00]} 14. O-O {[%clk 0:01:48]} Rd8
{[%clk 0:01:30]} 15. Rfd1 {[%clk 0:01:45]} O-O {[%clk 0:01:21]} 16. Nd4
{[%clk 0:01:46]} Bb6 {[%clk 0:01:21]} 17. Be1 {[%clk 0:01:29]} g6
{[%clk 0:01:14]} 18. Rac1 {[%clk 0:01:23]} Ne5 {[%clk 0:01:00]} 19. Nf3
{[%clk 0:01:12]} Nfg4 {[%clk 0:00:50]} 20. Rxd8 {[%clk 0:00:47]} Rxd8
{[%clk 0:00:51]} 21. Rd1 {[%clk 0:00:42]} Rxd1 22. Nxd1 {[%clk 0:00:43]} Nxf3+
{[%clk 0:00:51]} 23. gxf3 {[%clk 0:00:34]} Ne5 {[%clk 0:00:52]} 24. f4
{[%clk 0:00:33]} Nf3+ {[%clk 0:00:53]} 25. Bxf3 {[%clk 0:00:31]} Bxf3
{[%clk 0:00:54]} 26. Nc3 {[%clk 0:00:32]} f6 {[%clk 0:00:53]} 27. a3
{[%clk 0:00:25]} Kf7 {[%clk 0:00:54]} 28. h3 {[%clk 0:00:26]} Ke6
{[%clk 0:00:55]} 29. Kh2 {[%clk 0:00:27]} c5 {[%clk 0:00:52]} 30. Kg3
{[%clk 0:00:28]} Bc6 {[%clk 0:00:52]} 31. Ne2 {[%clk 0:00:26]} Kd5
{[%clk 0:00:49]} 32. f3 {[%clk 0:00:20]} Kc4 {[%clk 0:00:50]} 33. e4
{[%clk 0:00:19]} b4 {[%clk 0:00:50]} 34. axb4 {[%clk 0:00:19]} cxb4
{[%clk 0:00:51]} 35. f5 {[%clk 0:00:16]} gxf5 {[%clk 0:00:51]} 36. exf5
{[%clk 0:00:17]} a5 {[%clk 0:00:51]} 37. Kf4 {[%clk 0:00:13]} a4 {[%clk 0:00:49]}
38. Nc1 {[%clk 0:00:12]} Bd4 {[%clk 0:00:50]} 39. Ne2 {[%clk 0:00:08]} Bxb2
{[%clk 0:00:51]} 40. Ke3 {[%clk 0:00:09]} a3 {[%clk 0:00:52]} 0-1

[Event "Blitz Open"]
[Site "?"]
[Date "2018.08.03"]
[Round "2.1"]
[White "Maghsoodloo, Parham"]
[Black "Jumabayev, Rinat"]
[Result "0-1"]
[BlackElo "2528"]
[WhiteElo "2650"]
[LiveChessVersion "1.4.8"]

1. Nf3 {[%clk 0:03:03]} Nf6 {[%clk 0:03:02]} 2. c4 {[%clk 0:03:04]} e6
{[%clk 0:03:03]} 3. b3 {[%clk 0:03:03]} d5 {[%clk 0:03:03]} 4. Bb2
{[%clk 0:03:04]} Be7 {[%clk 0:02:59]} 5. g3 {[%clk 0:03:04]} c5 {[%clk 0:02:54]}
6. Bg2 {[%clk 0:03:05]} d4 {[%clk 0:02:54]} 7. e3 {[%clk 0:03:06]} Nc6
{[%clk 0:02:56]} 8. exd4 cxd4 {[%clk 0:02:57]} 9. O-O {[%clk 0:03:07]} O-O
{[%clk 0:02:48]} 10. Re1 {[%clk 0:03:08]} Bd6 {[%clk 0:02:29]} 11. Ba3
{[%clk 0:02:37]} e5 {[%clk 0:02:03]} 12. d3 {[%clk 0:02:38]} h6 {[%clk 0:01:57]}
13. Bxd6 {[%clk 0:02:36]} Qxd6 {[%clk 0:01:58]} 14. a3 {[%clk 0:02:37]} a5
{[%clk 0:01:59]} 15. Nbd2 {[%clk 0:02:37]} Re8 {[%clk 0:02:00]} 16. Qc2
{[%clk 0:02:38]} Bf5 {[%clk 0:01:50]} 17. h3 {[%clk 0:02:17]} Nd7
{[%clk 0:01:51]} 18. Nh4 {[%clk 0:02:17]} Bh7 {[%clk 0:01:52]} 19. Ne4
{[%clk 0:02:16]} Qe7 {[%clk 0:01:32]} 20. c5 {[%clk 0:01:30]} Bxe4 21. Bxe4
{[%clk 0:01:31]} Qxc5 {[%clk 0:01:33]} 22. Qe2 {[%clk 0:01:30]} Nf6
{[%clk 0:01:34]} 23. Rec1 {[%clk 0:01:28]} Qb6 {[%clk 0:01:30]} 24. Rab1
{[%clk 0:01:24]} g6 {[%clk 0:01:19]} 25. Bg2 {[%clk 0:01:14]} Kg7
{[%clk 0:01:19]} 26. b4 {[%clk 0:01:09]} axb4 {[%clk 0:01:17]} 27. axb4
{[%clk 0:01:11]} Ra3 {[%clk 0:01:08]} 28. Nf3 {[%clk 0:01:00]} Rc3
{[%clk 0:01:03]} 29. Nd2 {[%clk 0:00:47]} Nxb4 {[%clk 0:00:57]} 30. Nc4
{[%clk 0:00:44]} Qc5 {[%clk 0:00:55]} 31. Qd2 {[%clk 0:00:34]} b5
{[%clk 0:00:44]} 32. Rxc3 dxc3 {[%clk 0:00:45]} 33. Qxc3 {[%clk 0:00:36]} Nxd3
{[%clk 0:00:26]} 34. Qxd3 {[%clk 0:00:20]} bxc4 {[%clk 0:00:27]} 35. Qc3
{[%clk 0:00:22]} Rd8 {[%clk 0:00:19]} 36. Re1 {[%clk 0:00:06]} Rd4
{[%clk 0:00:20]} 37. g4 {[%clk 0:00:06]} Qd6 {[%clk 0:00:14]} 38. Qe3
{[%clk 0:00:06]} e4 {[%clk 0:00:11]} 39. Qc3 {[%clk 0:00:07]} Qd5
{[%clk 0:00:09]} 40. Ra1 {[%clk 0:00:05]} Rd3 {[%clk 0:00:09]} 41. Qb4
{[%clk 0:00:05]} c3 {[%clk 0:00:09]} 42. Ra7 {[%clk 0:00:06]} Qd6
{[%clk 0:00:04]} 43. Qc4 {[%clk 0:00:06]} Rd1+ {[%clk 0:00:05]} 44. Bf1
{[%clk 0:00:07]} Nd5 {[%clk 0:00:05]} 45. Qxe4 {[%clk 0:00:05]} Qf6
{[%clk 0:00:06]} 46. Ra6 {[%clk 0:00:04]} Qf4 {[%clk 0:00:06]} 47. Qxf4
{[%clk 0:00:04]} Nxf4 {[%clk 0:00:07]} 48. Rc6 {[%clk 0:00:06]} Nxh3+
{[%clk 0:00:06]} 49. Kh2 {[%clk 0:00:07]} Rxf1 {[%clk 0:00:07]} 50. Kxh3
{[%clk 0:00:08]} Rxf2 {[%clk 0:00:08]} 51. Rxc3 {[%clk 0:00:09]} Ra2
{[%clk 0:00:09]} 52. Rc7 {[%clk 0:00:09]} Ra5 {[%clk 0:00:11]} 53. Kh4
{[%clk 0:00:06]} h5 {[%clk 0:00:11]} 54. g5 {[%clk 0:00:06]} Ra4+
{[%clk 0:00:12]} 55. Kh3 {[%clk 0:00:08]} Rg4 {[%clk 0:00:13]} 56. Rc5
{[%clk 0:00:09]} Rf4 {[%clk 0:00:14]} 57. Rc7 {[%clk 0:00:08]} Kf8
{[%clk 0:00:08]} 58. Ra7 {[%clk 0:00:09]} Re4 {[%clk 0:00:09]} 59. Rb7
{[%clk 0:00:09]} Re3+ {[%clk 0:00:10]} 60. Kh4 {[%clk 0:00:10]} Re4+
{[%clk 0:00:11]} 61. Kh3 {[%clk 0:00:12]} Rg4 {[%clk 0:00:12]} 62. Rb5
{[%clk 0:00:13]} Ke7 {[%clk 0:00:13]} 63. Ra5 {[%clk 0:00:08]} Ke6
{[%clk 0:00:15]} 64. Ra6+ {[%clk 0:00:09]} Kf5 {[%clk 0:00:13]} 65. Rf6+
{[%clk 0:00:10]} Kxg5 {[%clk 0:00:13]} 66. Rxf7 Rf4 {[%clk 0:00:13]} 67. Rb7
{[%clk 0:00:12]} Rf3+ {[%clk 0:00:14]} 68. Kg2 {[%clk 0:00:13]} Ra3
{[%clk 0:00:14]} 69. Rb4 {[%clk 0:00:14]} h4 {[%clk 0:00:14]} 70. Rb8
{[%clk 0:00:10]} Kg4 {[%clk 0:00:13]} 71. Rb4+ {[%clk 0:00:11]} Kh5
{[%clk 0:00:14]} 72. Kh2 {[%clk 0:00:05]} g5 {[%clk 0:00:15]} 73. Rb8
{[%clk 0:00:06]} Ra2+ {[%clk 0:00:16]} 74. Kh1 {[%clk 0:00:07]} h3
{[%clk 0:00:16]} 75. Rh8+ {[%clk 0:00:06]} Kg4 {[%clk 0:00:17]} 76. Rb8
{[%clk 0:00:07]} Kg3 {[%clk 0:00:18]} 77. Rb3+ {[%clk 0:00:08]} Kh4
{[%clk 0:00:19]} 78. Rb8 {[%clk 0:00:09]} g4 {[%clk 0:00:20]} 79. Rb1
{[%clk 0:00:09]} Re2 {[%clk 0:00:15]} 80. Kg1 {[%clk 0:00:07]} Kg3
{[%clk 0:00:13]} 81. Rb3+ {[%clk 0:00:08]} Kf4 {[%clk 0:00:14]} 82. Rb4+
{[%clk 0:00:10]} Kf3 {[%clk 0:00:15]} 83. Rb3+ {[%clk 0:00:11]} Re3
{[%clk 0:00:16]} 84. Rb1 {[%clk 0:00:13]} g3 {[%clk 0:00:15]} 85. Rf1+
{[%clk 0:00:13]} Kg4 {[%clk 0:00:16]} 86. Rb1 {[%clk 0:00:14]} h2+
{[%clk 0:00:11]} 87. Kh1 {[%clk 0:00:12]} Kh3 {[%clk 0:00:12]} 0-1

[Event "Blitz Open"]
[Site "?"]
[Date "2018.08.03"]
[Round "2.2"]
[White "Kazhgaleyev, Murtas"]
[Black "Firouzja, Alireza"]
[Result "0-1"]
[BlackElo "2629"]
[WhiteElo "2583"]
[LiveChessVersion "1.4.8"]

1. d4 {[%clk 0:03:02]} g6 {[%clk 0:03:02]} 2. e4 {[%clk 0:03:01]} Bg7
{[%clk 0:03:03]} 3. c4 {[%clk 0:03:02]} d6 {[%clk 0:03:02]} 4. Nc3
{[%clk 0:03:02]} e5 {[%clk 0:03:00]} 5. d5 {[%clk 0:03:03]} Na6 {[%clk 0:02:58]}
6. Bd3 {[%clk 0:03:04]} Nc5 {[%clk 0:02:56]} 7. Bc2 {[%clk 0:03:05]} a5
{[%clk 0:02:57]} 8. Nge2 {[%clk 0:03:04]} Ne7 {[%clk 0:02:32]} 9. Be3
{[%clk 0:02:56]} O-O {[%clk 0:02:24]} 10. Qd2 {[%clk 0:02:50]} f5
{[%clk 0:02:24]} 11. f3 {[%clk 0:02:41]} b6 {[%clk 0:02:19]} 12. h4
{[%clk 0:02:33]} Bd7 {[%clk 0:02:15]} 13. h5 {[%clk 0:02:31]} f4 {[%clk 0:02:15]}
14. Bf2 {[%clk 0:02:22]} g5 {[%clk 0:02:14]} 15. h6 {[%clk 0:02:19]} Bf6
{[%clk 0:02:15]} 16. g4 {[%clk 0:02:05]} fxg3 {[%clk 0:01:59]} 17. Nxg3
{[%clk 0:02:02]} Ng6 {[%clk 0:01:54]} 18. O-O-O {[%clk 0:01:57]} Nf4
{[%clk 0:01:51]} 19. Rdg1 {[%clk 0:01:48]} a4 {[%clk 0:01:46]} 20. Nh5
{[%clk 0:01:45]} Kh8 {[%clk 0:01:38]} 21. Nxf4 {[%clk 0:01:33]} exf4
{[%clk 0:01:23]} 22. Bd4 {[%clk 0:01:32]} Be5 {[%clk 0:01:24]} 23. Bxe5+
{[%clk 0:01:17]} dxe5 {[%clk 0:01:25]} 24. d6 {[%clk 0:01:18]} c6
{[%clk 0:01:24]} 25. Rh2 {[%clk 0:01:11]} Qf6 {[%clk 0:01:23]} 26. Kb1
{[%clk 0:01:05]} Rg8 {[%clk 0:01:23]} 27. Nd1 {[%clk 0:01:02]} Ne6
{[%clk 0:01:23]} 28. Nf2 {[%clk 0:00:56]} Nd4 {[%clk 0:01:24]} 29. Bd1
{[%clk 0:00:50]} Qxd6 {[%clk 0:01:24]} 30. Qc3 {[%clk 0:00:43]} c5
{[%clk 0:01:23]} 31. Nd3 {[%clk 0:00:38]} Qf6 {[%clk 0:01:23]} 32. Rhg2
{[%clk 0:00:28]} Rae8 {[%clk 0:01:20]} 33. b4 {[%clk 0:00:23]} axb3 34. axb3
{[%clk 0:00:24]} Qxh6 {[%clk 0:01:21]} 35. b4 {[%clk 0:00:24]} g4
{[%clk 0:01:07]} 36. bxc5 {[%clk 0:00:21]} bxc5 {[%clk 0:01:08]} 37. Nxc5
{[%clk 0:00:16]} Qb6+ {[%clk 0:01:08]} 38. Nb3 {[%clk 0:00:17]} gxf3
{[%clk 0:01:02]} 39. Rxg8+ {[%clk 0:00:13]} Rxg8 {[%clk 0:01:03]} 40. Rxg8+
{[%clk 0:00:14]} Kxg8 {[%clk 0:01:04]} 41. c5 {[%clk 0:00:15]} Qb5
{[%clk 0:00:58]} 42. Kc1 {[%clk 0:00:15]} f2 {[%clk 0:00:43]} 43. Nxd4
{[%clk 0:00:11]} exd4 {[%clk 0:00:43]} 44. Qb3+ {[%clk 0:00:12]} Kf8
{[%clk 0:00:39]} 45. Qd5 {[%clk 0:00:11]} f1=Q {[%clk 0:00:28]} 46. Qd6+
{[%clk 0:00:12]} Ke8 {[%clk 0:00:29]} 47. Qe5+ {[%clk 0:00:13]} Kd8
{[%clk 0:00:30]} 0-1

[Event "Blitz Open"]
[Site "?"]
[Date "2018.08.03"]
[Round "2.3"]
[White "Tabatabaei, M.Amin"]
[Black "Ismagambetov, Anuar"]
[Result "1-0"]
[BlackElo "2505"]
[WhiteElo "2587"]
[LiveChessVersion "1.4.8"]

1. d4 {[%clk 0:03:03]} Nf6 {[%clk 0:03:03]} 2. Bg5 {[%clk 0:03:04]} d5
{[%clk 0:03:04]} 3. Nd2 {[%clk 0:03:04]} Nbd7 {[%clk 0:03:05]} 4. e3
{[%clk 0:03:05]} g6 {[%clk 0:03:06]} 5. c4 {[%clk 0:03:05]} c6 {[%clk 0:03:03]}
6. Ngf3 {[%clk 0:03:06]} Bg7 {[%clk 0:03:04]} 7. Be2 {[%clk 0:03:03]} O-O
{[%clk 0:03:05]} 8. O-O {[%clk 0:03:05]} Re8 {[%clk 0:03:00]} 9. Rc1
{[%clk 0:03:04]} Nb6 {[%clk 0:02:56]} 10. h3 {[%clk 0:02:57]} Be6
{[%clk 0:02:38]} 11. c5 {[%clk 0:02:46]} Nbd7 {[%clk 0:02:39]} 12. b4
{[%clk 0:02:48]} a6 {[%clk 0:02:39]} 13. a4 {[%clk 0:02:49]} Ne4 {[%clk 0:02:36]}
14. Nxe4 {[%clk 0:02:44]} dxe4 {[%clk 0:02:37]} 15. Nd2 {[%clk 0:02:46]} Bd5
{[%clk 0:02:21]} 16. Qc2 {[%clk 0:02:46]} f5 {[%clk 0:02:17]} 17. Bc4
{[%clk 0:02:44]} h6 {[%clk 0:02:17]} 18. Bxd5+ {[%clk 0:02:28]} cxd5
{[%clk 0:02:18]} 19. Bh4 {[%clk 0:02:29]} g5 {[%clk 0:02:15]} 20. Bg3
{[%clk 0:02:30]} e5 {[%clk 0:02:17]} 21. c6 {[%clk 0:02:02]} bxc6
{[%clk 0:02:10]} 22. Qxc6 {[%clk 0:02:03]} Nf8 {[%clk 0:02:04]} 23. Bxe5
{[%clk 0:01:53]} Bxe5 {[%clk 0:02:00]} 24. dxe5 {[%clk 0:01:54]} Re6
{[%clk 0:02:00]} 25. Qc3 {[%clk 0:01:44]} Nd7 {[%clk 0:01:54]} 26. f4
{[%clk 0:01:31]} gxf4 27. exf4 {[%clk 0:01:32]} Qb6+ {[%clk 0:01:51]} 28. Kh1
{[%clk 0:01:33]} d4 {[%clk 0:01:52]} 29. Qc4 {[%clk 0:01:32]} Nf8
{[%clk 0:01:43]} 30. Nxe4 {[%clk 0:01:19]} fxe4 {[%clk 0:01:16]} 31. f5
{[%clk 0:01:20]} Rae8 {[%clk 0:01:18]} 32. fxe6 {[%clk 0:01:18]} Nxe6
{[%clk 0:01:18]} 33. Rf6 {[%clk 0:01:15]} e3 {[%clk 0:01:15]} 34. Qd3
{[%clk 0:01:01]} Qb7 {[%clk 0:01:07]} 35. Qg6+ {[%clk 0:00:42]} Ng7
{[%clk 0:01:08]} 36. e6 {[%clk 0:00:44]} Re7 {[%clk 0:00:46]} 37. Rf7
{[%clk 0:00:36]} Rxf7 38. exf7+ {[%clk 0:00:37]} Kf8 {[%clk 0:00:49]} 39. Rf1
{[%clk 0:00:25]} Qd7 {[%clk 0:00:19]} 40. Qxg7+ {[%clk 0:00:23]} 1-0

[Event "Blitz Open"]
[Site "?"]
[Date "2018.08.03"]
[Round "2.4"]
[White "Makhnev, Denis"]
[Black "Idani, Pouya"]
[Result "0-1"]
[BlackElo "2559"]
[WhiteElo "2492"]
[LiveChessVersion "1.4.8"]

1. d4 {[%clk 0:03:02]} d5 {[%clk 0:03:04]} 2. Nf3 {[%clk 0:03:03]} Nf6
{[%clk 0:03:05]} 3. c4 {[%clk 0:03:02]} e6 {[%clk 0:03:07]} 4. Qc2
{[%clk 0:03:01]} Be7 {[%clk 0:03:01]} 5. Bf4 {[%clk 0:02:54]} O-O
{[%clk 0:02:58]} 6. e3 {[%clk 0:02:55]} c6 {[%clk 0:02:49]} 7. Nc3
{[%clk 0:02:54]} Nbd7 {[%clk 0:02:50]} 8. h3 {[%clk 0:02:55]} h6 {[%clk 0:02:45]}
9. Be2 {[%clk 0:02:50]} dxc4 10. Bxc4 {[%clk 0:02:50]} b5 {[%clk 0:02:47]} 11.
Be2 {[%clk 0:02:48]} Bb7 {[%clk 0:02:48]} 12. O-O {[%clk 0:02:48]} a6
{[%clk 0:02:40]} 13. Rfd1 {[%clk 0:02:42]} Rc8 {[%clk 0:02:39]} 14. a4
{[%clk 0:02:38]} Qb6 {[%clk 0:02:36]} 15. Ne5 {[%clk 0:01:57]} b4
{[%clk 0:02:11]} 16. a5 {[%clk 0:01:53]} Qa7 {[%clk 0:02:11]} 17. Ne4
{[%clk 0:01:45]} c5 {[%clk 0:02:01]} 18. Nxd7 Nxd7 {[%clk 0:02:02]} 19. Nd6
{[%clk 0:01:08]} Bxd6 {[%clk 0:01:56]} 20. Bxd6 {[%clk 0:01:09]} cxd4
{[%clk 0:01:58]} 21. Qb3 {[%clk 0:00:47]} Bd5 {[%clk 0:01:45]} 22. Qxb4
{[%clk 0:00:38]} dxe3 {[%clk 0:01:46]} 23. Bxf8 {[%clk 0:00:38]} exf2+
{[%clk 0:01:47]} 24. Kf1 {[%clk 0:00:39]} Nxf8 {[%clk 0:01:43]} 25. Qd4
{[%clk 0:00:24]} Qb7 {[%clk 0:01:44]} 26. Qxf2 {[%clk 0:00:11]} Rc2
{[%clk 0:01:40]} 27. Qb6 {[%clk 0:00:05]} Bxg2+ {[%clk 0:01:39]} 28. Ke1
{[%clk 0:00:07]} Qe4 {[%clk 0:01:38]} 29. Rd2 {[%clk 0:00:07]} Rc6
{[%clk 0:01:24]} 30. Qd4 {[%clk 0:00:08]} Qh7 {[%clk 0:00:47]} 31. Bd3
{[%clk 0:00:09]} f5 {[%clk 0:00:43]} 32. Rxg2 {[%clk 0:00:10]} h5
{[%clk 0:00:39]} 33. Kd2 {[%clk 0:00:09]} Qh6+ {[%clk 0:00:41]} 34. Qe3
{[%clk 0:00:10]} Qf6 {[%clk 0:00:42]} 35. Ke1 {[%clk 0:00:08]} f4
{[%clk 0:00:41]} 36. Qe4 {[%clk 0:00:07]} Rc5 {[%clk 0:00:42]} 37. Kf1
{[%clk 0:00:07]} Re5 {[%clk 0:00:42]} 38. Qc4 {[%clk 0:00:06]} Re3
{[%clk 0:00:39]} 39. Re1 {[%clk 0:00:06]} Rxh3 {[%clk 0:00:40]} 40. Rf2
{[%clk 0:00:07]} f3 {[%clk 0:00:39]} 41. Rh2 {[%clk 0:00:03]} Rxh2
{[%clk 0:00:39]} 42. Re4 {[%clk 0:00:04]} Qg5 {[%clk 0:00:37]} 0-1